000 00458nam a2200157Ia 4500
008 230711s9999||||xx |||||||||||||| ||und||
041 _aENG
082 _a624
_bBU-I
100 _aBureau of Indian Standard
245 0 _aIS : 8338 1976
_bRecommendation relating to pri elements on the design of second library buildings
250 _a1st
260 _c1976
_aNew DElhi
_bBureau of Indian Standard
300 _a9
650 _aCivil Engineering
942 _cBK
999 _c7924
_d7924